[Event "Schleswig Holstein-ch Seniors op 9th"]
[Site "Buesum"]
[Date "2015.10.07"]
[Round "9"]
[White "Jensen, Helmut"]
[Black "Schwertel, Johann"]
[Result "1/2-1/2"]
[WhiteElo "1923"]
[BlackElo "1991"]
[PlyCount "24"]
[EventDate "2015.09.28"]
[EventType "swiss"]
[EventRounds "9"]
[EventCountry "GER"]
[SourceTitle "EXT 2018"]
[Source "ChessBase"]
[SourceDate "2017.10.13"]
[SourceVersion "1"]
[SourceVersionDate "2017.10.13"]
[SourceQuality "1"]

1. Nf3 d5 2. b3 Nf6 3. Bb2 g6 4. e3 Bg7 5. Be2 0-0 6. 0-0 c5 7. d4 b6 8. Nbd2 Bb7 9. c4 Nbd7 10. Rc1 Re8 11. a3 Rc8 12. cxd5 Nxd5 1/2-1/2

[Event "Schleswig Holstein-ch Seniors op 9th"]
[Site "Buesum"]
[Date "2015.10.06"]
[Round "8"]
[White "Hellwege, Werner"]
[Black "Jensen, Helmut"]
[Result "1/2-1/2"]
[WhiteElo "1976"]
[BlackElo "1923"]
[PlyCount "34"]
[EventDate "2015.09.28"]
[EventType "swiss"]
[EventRounds "9"]
[EventCountry "GER"]
[SourceTitle "EXT 2018"]
[Source "ChessBase"]
[SourceDate "2017.10.13"]
[SourceVersion "1"]
[SourceVersionDate "2017.10.13"]
[SourceQuality "1"]

1. d4 Nf6 2. Nf3 d5 3. c4 c6 4. Nc3 h6 5. e3 Bf5 6. cxd5 Nxd5 7. Qb3 Nb6 8. e4 Bg4 9. Ne5 Be6 10. Qd1 N6d7 11. Nd3 Nf6 12. Nc5 Bc8 13. Be2 Qc7 14. Nb3 e5 15. Be3 Bd6 16. Rc1 Qe7 17. Nb1 0-0 1/2-1/2

[Event "Schleswig Holstein-ch Seniors op 9th"]
[Site "Buesum"]
[Date "2015.10.01"]
[Round "4"]
[White "Neumann, Joachim"]
[Black "Jensen, Helmut"]
[Result "1/2-1/2"]
[WhiteElo "2105"]
[BlackElo "1923"]
[PlyCount "40"]
[EventDate "2015.09.28"]
[EventType "swiss"]
[EventRounds "9"]
[EventCountry "GER"]
[SourceTitle "EXT 2018"]
[Source "ChessBase"]
[SourceDate "2017.10.13"]
[SourceVersion "1"]
[SourceVersionDate "2017.10.13"]
[SourceQuality "1"]

1. c4 e5 2. g3 Nc6 3. Nc3 g6 4. Bg2 Bg7 5. e4 d6 6. Nge2 Be6 7. d3 Qd7 8. Nd5 Nce7 9. d4 c6 10. Ne3 exd4 11. Nxd4 Bh3 12. 0-0 Bxg2 13. Kxg2 Nf6 14. Qd3 Ng4 15. Nxg4 Qxg4 16. h3 Qd7 17. Bf4 0-0 18. Rad1 Rad8 19. b3 d5 20. exd5 Nxd5 1/2-1/2

[Event "Schleswig Holstein-ch Seniors"]
[Site "Hanerau"]
[Date "2015.04.03"]
[Round "9"]
[White "Jensen, Helmut"]
[Black "Pape, Rainer"]
[Result "1-0"]
[WhiteElo "1923"]
[BlackElo "1903"]
[PlyCount "123"]
[EventDate "2015.03.28"]
[EventType "swiss"]
[EventRounds "9"]
[EventCountry "GER"]
[SourceTitle "EXT 2018"]
[Source "ChessBase"]
[SourceDate "2017.10.13"]
[SourceVersion "1"]
[SourceVersionDate "2017.10.13"]
[SourceQuality "1"]

1. Nf3 g6 2. d4 Bg7 3. e4 Nf6 4. Bd3 c5 5. c3 cxd4 6. cxd4 0-0 7. 0-0 d6 8. Nc3 Nc6 9. h3 Nd7 10. Be3 Nb6 11. Rc1 e5 12. Bb1 Nc4 13. Bg5 f6 14. Bh4 Nb6 15. dxe5 dxe5 16. Qb3+ Kh8 17. Rfd1 Qe7 18. Nd5 Nxd5 19. exd5 Nd8 20. d6 Qe6 21. Qb4 Nc6 22. Qb5 Rd8 23. Bc2 Rxd6 24. Bb3 Qd7 25. Qc4 Rxd1+ 26. Rxd1 Qe8 27. Ba4 Be6 28. Bxc6 bxc6 29. Qa4 Bd5 30. Nd2 Qf7 31. b3 g5 32. Bg3 f5 33. f3 Qe7 34. Rc1 Re8 35. Nc4 e4 36. Nd6 Rd8 37. Nxf5 Qf6 38. fxe4 Qb2 39. Rd1 Qe2 40. Re1 Qd3 41. Kh2 Bc3 42. Re3 Qc2 43. exd5 Bf6 44. Qxc6 Qxf5 45. Qxf6+ Qxf6 46. Be5 Kg7 47. Bxf6+ Kxf6 48. Re6+ Kf7 49. Ra6 Rd7 50. d6 Ke6 51. Kg3 h5 52. Kf3 Rf7+ 53. Ke3 Rf5 54. d7+ Kxd7 55. Rxa7+ Kc6 56. g4 hxg4 57. hxg4 Rb5 58. Kd3 Rd5+ 59. Ke4 Rb5 60. Ra6+ Kc5 61. Rf6 Rb4+ 62. Kf5 1-0

[Event "Schleswig Holstein-ch Seniors"]
[Site "Hanerau"]
[Date "2015.03.31"]
[Round "5"]
[White "Rieckhoff, Joachim"]
[Black "Jensen, Helmut"]
[Result "0-1"]
[WhiteElo "1775"]
[BlackElo "1923"]
[PlyCount "46"]
[EventDate "2015.03.28"]
[EventType "swiss"]
[EventRounds "9"]
[EventCountry "GER"]
[SourceTitle "EXT 2018"]
[Source "ChessBase"]
[SourceDate "2017.10.13"]
[SourceVersion "1"]
[SourceVersionDate "2017.10.13"]
[SourceQuality "1"]

1. Nf3 Nf6 2. d4 b6 3. c4 e6 4. g3 Bb7 5. Bg2 Be7 6. 0-0 0-0 7. Nc3 d6 8. Bg5 Nbd7 9. Re1 Ne4 10. Bxe7 Qxe7 11. Rc1 f5 12. e3 Ndf6 13. Ne2 c5 14. dxc5 Nxc5 15. Ned4 Be4 16. Rc3 e5 17. Ng5 Bxg2 18. Nxf5 Qd7 19. Nxd6 Rad8 20. b4 Nce4 21. Rd3 Nxg5 22. Kxg2 Qh3+ 23. Kg1 Ng4 0-1

[Event "GER-chB Seniors 26th"]
[Site "Bad Neuenahr"]
[Date "2014.08.11"]
[Round "7"]
[White "Kluever, Horst"]
[Black "Jensen, Helmut"]
[Result "1/2-1/2"]
[WhiteElo "1865"]
[BlackElo "1923"]
[PlyCount "44"]
[EventDate "2014.08.05"]
[EventType "swiss"]
[EventRounds "9"]
[EventCountry "GER"]
[SourceTitle "EXT 2018"]
[Source "ChessBase"]
[SourceDate "2017.10.13"]
[SourceVersion "1"]
[SourceVersionDate "2017.10.13"]
[SourceQuality "1"]

1. e4 e5 2. Nc3 Nf6 3. Nf3 d6 4. Bc4 Be7 5. d3 h6 6. h3 c6 7. 0-0 0-0 8. Bb3 Na6 9. a3 Nc5 10. Ba2 Be6 11. b4 Bxa2 12. Rxa2 Ne6 13. Ne2 Nh7 14. Ng3 Nhg5 15. Nf5 Nxf3+ 16. Qxf3 Bg5 17. Be3 Bf4 18. Qg4 Kh7 19. g3 Bxe3 20. fxe3 g6 21. Nh4 Qg5 22. Qxg5 Nxg5 1/2-1/2

[Event "GER-chB Seniors 26th"]
[Site "Bad Neuenahr"]
[Date "2014.08.05"]
[Round "1"]
[White "Fischer, Paul"]
[Black "Jensen, Helmut"]
[Result "1-0"]
[WhiteElo "1892"]
[BlackElo "1923"]
[PlyCount "110"]
[EventDate "2014.08.05"]
[EventType "swiss"]
[EventRounds "9"]
[EventCountry "GER"]
[SourceTitle "EXT 2018"]
[Source "ChessBase"]
[SourceDate "2017.10.13"]
[SourceVersion "1"]
[SourceVersionDate "2017.10.13"]
[SourceQuality "1"]

1. Nc3 d5 2. e4 d4 3. Nce2 Nc6 4. Ng3 e5 5. Bc4 Nf6 6. d3 Bb4+ 7. Bd2 0-0 8. Bxb4 Nxb4 9. a3 Nc6 10. Nf3 Qe7 11. 0-0 a6 12. h3 Be6 13. Bxe6 fxe6 14. Ng5 h6 15. Nf3 g5 16. Nh2 Rae8 17. b4 Qf7 18. Ng4 Qg6 19. Rb1 b5 20. Nxf6+ Rxf6 21. Nh5 Rf7 22. Qg4 Kh7 23. f3 Ne7 24. Rf2 Ng8 25. Rbf1 Nf6 26. Nxf6+ Rxf6 27. Qg3 Rf4 28. Qh2 Ref8 29. g3 R4f7 30. Kh1 Qg7 31. f4 Kg8 32. f5 exf5 33. exf5 Qf6 34. Qg2 Rd8 35. g4 Qd6 36. Qe4 Qd5 37. Re1 Qxe4+ 38. Rxe4 Rd5 39. Rfe2 Re7 40. Kg2 Kf7 41. Rd2 Red7 42. Kg3 Kf6 43. h4 Rh7 44. Rh2 c5 45. Re1 c4 46. Reh1 gxh4+ 47. Rxh4 cxd3 48. cxd3 Rdd7 49. Rxh6+ Rxh6 50. Rxh6+ Kg7 51. Rg6+ Kf7 52. Kf3 Rc7 53. Ke4 Rc1 54. Kxe5 Rc3 55. Rxa6 Rxd3 1-0

[Event "Schleswig Holstein-ch Seniors 64th"]
[Site "Altenholz"]
[Date "2009.04.06"]
[Round "3"]
[White "Stomprowski, Eckhard"]
[Black "Jensen, Helmut"]
[Result "1-0"]
[WhiteElo "1814"]
[BlackElo "1891"]
[PlyCount "65"]
[EventDate "2009.04.04"]
[EventType "swiss"]
[EventRounds "9"]
[EventCountry "GER"]
[SourceTitle "CBM 129 Extra"]
[Source "ChessBase"]
[SourceDate "2009.05.05"]
[SourceVersion "2"]
[SourceVersionDate "2009.05.20"]
[SourceQuality "1"]

1. e4 e5 2. Nf3 Nc6 3. g3 d6 4. Bg2 Be6 5. 0-0 Be7 6. d4 exd4 7. Nxd4 Nxd4 8. Qxd4 Qd7 9. Nc3 Bf6 10. Qd3 Bh3 11. Bxh3 Qxh3 12. Qb5+ Kd8 13. Qxb7 Rc8 14. Nd5 Bd4 15. Be3 Bb6 16. a4 Ne7 17. a5 Bxe3 18. fxe3 f6 19. Nf4 Qg4 20. Qxa7 Nc6 21. Qa6 Kd7 22. Qb5 Rb8 23. Qa4 Rb4 24. Qa3 Rhb8 25. Nd5 Rxe4 26. Rxf6 Qh5 27. Qd3 Re5 28. Nf4 Qe8 29. Qxh7 Qe7 30. Rg6 Rg5 31. Qh3+ Kd8 32. Ne6+ Ke8 33. Rxg5 1-0

[Event "Schleswig Holstein-ch Seniors 64th"]
[Site "Altenholz"]
[Date "2009.04.05"]
[Round "2"]
[White "Jensen, Helmut"]
[Black "Hermann, Armin"]
[Result "1/2-1/2"]
[WhiteElo "1891"]
[BlackElo "1759"]
[PlyCount "28"]
[EventDate "2009.04.04"]
[EventType "swiss"]
[EventRounds "9"]
[EventCountry "GER"]
[SourceTitle "CBM 129 Extra"]
[Source "ChessBase"]
[SourceDate "2009.05.05"]
[SourceVersion "2"]
[SourceVersionDate "2009.05.20"]
[SourceQuality "1"]

1. e4 e5 2. Nf3 Nc6 3. d4 exd4 4. c3 dxc3 5. Nxc3 Bb4 6. Bc4 Bxc3+ 7. bxc3 Qe7 8. 0-0 Ne5 9. Nxe5 Qxe5 10. Qb3 Qf6 11. Be3 Ne7 12. f4 0-0 13. Rad1 Nc6 14. e5 Qe7 1/2-1/2

[Event "Schleswig Holstein-ch Seniors"]
[Site "Germany"]
[Date "2009.??.??"]
[Round "4"]
[White "Jensen, Helmut"]
[Black "Garbe, Eckhard"]
[Result "1-0"]
[WhiteElo "1865"]
[BlackElo "1670"]
[PlyCount "115"]
[EventDate "2009.??.??"]
[EventType "swiss"]
[EventRounds "7"]
[EventCountry "GER"]
[SourceTitle "EXT 2011"]
[Source "ChessBase"]
[SourceDate "2010.11.26"]
[SourceVersion "1"]
[SourceVersionDate "2010.11.26"]
[SourceQuality "1"]

1. e4 c5 2. Nc3 Nc6 3. g3 e6 4. Bg2 Nf6 5. f4 d6 6. Nf3 Be7 7. 0-0 Rb8 8. d3 a6 9. h3 Qc7 10. Bd2 b5 11. g4 h6 12. Ne2 Bb7 13. Ng3 Rd8 14. Qe1 Nd4 15. Ba5 Nxf3+ 16. Bxf3 Qb8 17. Bxd8 Qxd8 18. Kh2 Qc7 19. c3 Nd7 20. a4 Bc6 21. Qd2 0-0 22. axb5 axb5 23. Ra2 Ra8 24. Rfa1 Rxa2 25. Rxa2 g6 26. Qe3 Kh7 27. d4 c4 28. d5 Bb7 29. Ne2 Bf6 30. dxe6 fxe6 31. Nd4 Qc5 32. Nc2 Qxe3 33. Nxe3 Nc5 34. Ra7 Kg8 35. Kg2 Bxe4 36. Bxe4 Nxe4 37. Rb7 d5 38. Rxb5 Kf7 39. f5 Bg5 40. fxe6+ Kxe6 41. Rb6+ Nd6 42. Nc2 Bf6 43. Kf3 Ke5 44. Nd4 Bg5 45. Nb5 Nxb5 46. Rxb5 Bf6 47. Rb6 Bg5 48. Rxg6 Bc1 49. Rb6 Bd2 50. h4 Be1 51. g5 hxg5 52. hxg5 Bh4 53. g6 Bf6 54. Kg4 Bg7 55. Kg5 d4 56. cxd4+ Kxd4 57. Rb7 Be5 58. g7 1-0

[Event "Schleswig Holstein-ch Seniors"]
[Site "Germany"]
[Date "2009.??.??"]
[Round "1"]
[White "Jensen, Helmut"]
[Black "Limberg, Siegfried"]
[Result "1-0"]
[WhiteElo "1865"]
[BlackElo "2130"]
[PlyCount "51"]
[EventDate "2009.??.??"]
[EventType "swiss"]
[EventRounds "7"]
[EventCountry "GER"]
[SourceTitle "EXT 2011"]
[Source "ChessBase"]
[SourceDate "2010.11.26"]
[SourceVersion "1"]
[SourceVersionDate "2010.11.26"]
[SourceQuality "1"]

1. b4 e5 2. Bb2 f6 3. e4 Bxb4 4. Bc4 Ne7 5. Qh5+ Ng6 6. Ne2 Kf8 7. 0-0 Qe8 8. Nbc3 c6 9. a3 Bxc3 10. Bxc3 d6 11. f4 Nxf4 12. Nxf4 exf4 13. Qh4 Nd7 14. Rxf4 Qe7 15. Raf1 Ke8 16. Qh5+ Kd8 17. d4 b6 18. e5 d5 19. Bb3 a5 20. Re1 Qe8 21. Qf3 fxe5 22. dxe5 Rf8 23. e6 Rxf4 24. Qxf4 Qe7 25. exd7 Qxd7 26. Qf8+ 1-0

[Event "GER-chT Seniors 14th"]
[Site "Sottrum"]
[Date "2005.09.21"]
[Round "4"]
[White "Jensen, Helmut"]
[Black "Rolf, Martin"]
[Result "1/2-1/2"]
[WhiteElo "1795"]
[BlackElo "1680"]
[PlyCount "66"]
[EventDate "2005.09.18"]
[EventType "team-swiss"]
[EventRounds "7"]
[EventCountry "GER"]
[SourceTitle "CBM 108 Extra"]
[Source "ChessBase"]
[SourceDate "2005.11.04"]
[SourceVersion "1"]
[SourceVersionDate "2005.11.04"]
[SourceQuality "1"]

1. b4 e5 2. Bb2 f6 3. e4 d5 4. exd5 Qxd5 5. Nc3 Qf7 6. b5 Bd6 7. Be2 Be6 8. Nf3 Nd7 9. d4 Bc4 10. 0-0 0-0-0 11. d5 Nb6 12. a4 Ne7 13. a5 Bxe2 14. Qxe2 Nbxd5 15. Rfd1 Nxc3 16. Bxc3 Bc5 17. Rdb1 Nf5 18. Qe4 Nd6 19. Qa4 Qc4 20. Bb4 Bxb4 21. Rxb4 Qe2 22. c4 Ne4 23. b6 Qxf2+ 24. Kh1 cxb6 25. axb6 a6 26. c5 Nxc5 27. Rc4 Kb8 28. Qa3 Ne6 29. Qb4 Nf4 30. Rxf4 exf4 31. Qxf4+ Ka8 32. Rxa6+ bxa6 33. Qe4+ Kb8 1/2-1/2

[Event "Schleswig Holstein-ch Seniors 56th"]
[Site "Eckernfoerde"]
[Date "2001.04.??"]
[Round "8"]
[White "Jensen, Helmut"]
[Black "Hermann, Armin"]
[Result "1/2-1/2"]
[WhiteElo "1868"]
[BlackElo "1685"]
[PlyCount "38"]
[EventDate "2001.04.??"]
[EventType "swiss"]
[EventRounds "9"]
[EventCountry "GER"]
[SourceTitle "EXT 2004"]
[Source "ChessBase"]
[SourceDate "2003.11.25"]
[SourceVersion "1"]
[SourceVersionDate "2003.11.25"]
[SourceQuality "1"]

1. Nf3 d5 2. d4 Nf6 3. e3 Bf5 4. Bd3 Bxd3 5. Qxd3 c6 6. Nbd2 e6 7. 0-0 Bd6 8. c3 Nbd7 9. e4 e5 10. dxe5 Nxe5 11. Nxe5 Bxe5 12. exd5 0-0 13. Nf3 Bd6 14. Bg5 Be7 15. Rad1 Nxd5 16. Bxe7 Qxe7 17. Rfe1 Qf6 18. Qe4 Rac8 19. Rd4 h6 1/2-1/2

[Event "Schleswig Holstein-ch Seniors 56th"]
[Site "Eckernfoerde"]
[Date "2001.04.??"]
[Round "7"]
[White "Jensen, Helmut"]
[Black "Kudoke, Willy"]
[Result "1/2-1/2"]
[WhiteElo "1868"]
[BlackElo "1820"]
[PlyCount "53"]
[EventDate "2001.04.??"]
[EventType "swiss"]
[EventRounds "9"]
[EventCountry "GER"]
[SourceTitle "EXT 2004"]
[Source "ChessBase"]
[SourceDate "2003.11.25"]
[SourceVersion "1"]
[SourceVersionDate "2003.11.25"]
[SourceQuality "1"]

1. e4 c5 2. Nc3 Nc6 3. g3 g6 4. Bg2 Bg7 5. d3 d6 6. Nge2 e5 7. 0-0 Nge7 8. Be3 0-0 9. Qd2 Be6 10. Bh6 Nd4 11. Bxg7 Kxg7 12. f4 f6 13. h3 Rb8 14. g4 Qb6 15. Rab1 Nxe2+ 16. Qxe2 exf4 17. Rxf4 g5 18. Rf2 Ng6 19. b3 Rbe8 20. Qf1 Qa5 21. Ne2 a6 22. a4 Qb6 23. Qe1 a5 24. Qc3 Qb4 25. Rbf1 Re7 26. Qb2 Ref7 27. Ng3 1/2-1/2